| 000 | 00612nam a22001457a 4500 | ||
|---|---|---|---|
| 999 |
_c8344 _d8344 |
||
| 020 | _a9789988351762 | ||
| 050 |
_aJV6035 _b.An8 |
||
| 100 | _aAnsong, Gorgina | ||
| 245 |
_aThe challenges of curbing North South Migration of Teenage Girls in Ghana _cAnsong, Gorgina |
||
| 260 |
_aGhana- Accra _bThe challenges of curbing North South Migration of Teenage Girls in Ghana |
||
| 300 |
_a218p.: _c20cm. |
||
| 505 | _a1. Northern Ghana in context 2. Social life and Poverty in Northern Ghana 3. Conceptual, Theoretical and Empirical issues 4. Socio- Economic Benefits of Migration | ||
| 650 | _aEconomics | ||
| 942 | _cBK | ||